000 00245nam a22001217a 4500
040 _cHS
082 _a636
100 _aJACKSON
245 _aClinical examination of farm animals
260 _aRUA
_bJACKSON
_cNA
300 _a138p;
942 _cEK
999 _c10312
_d10312